Norfolk Island : the architectural historical record of Kingston and Arthur's Vale /

Đã lưu trong:
Chi tiết về thư mục
Tác giả của công ty: Australia. Dept. of Housing and Construction
Định dạng: Sách
Ngôn ngữ:English
Được phát hành: Canberra : Australian Government Publishing Service, 1981.
Những chủ đề:
LEADER 01341nam a2200289 c 4500
001 c000001274
003 CARM
005 00000000000000.0
008 820212s1981 at abe b f00010 eng d
019 1 |a 2162393  |z 21949442  |z 28065671  |z 28065672  |z 57721523  |5 LACONCORD2021 
020 |a 0642066744 :  |c price unknown 
035 |a (OCoLC)9803068  |5 LACONCORD2021 
042 |a anuc 
043 |a u-at--- 
245 0 0 |a Norfolk Island :  |b the architectural historical record of Kingston and Arthur's Vale /  |c Department of Housing and Construction. 
260 |a Canberra :  |b Australian Government Publishing Service,  |c 1981. 
300 |a 83 p. :  |b ill., maps, plans ;  |c 30 x 43 cm. 
500 |a Architecture. Norfolk Island. Kingston & Arthur's Vale, to date (ANB/PRECIS SIN 0564737) 
500 0 0 |a Australian Government Publishing Service cat. no. 8110536. 
504 0 0 |a Bibliography: p. [82]. 
650 0 |a Architecture  |z Norfolk Island  |z Kingston  |x History. 
650 0 |a Architecture  |z Norfolk Island  |z Arthur's Vale  |x History. 
710 1 0 |a Australia.  |b Dept. of Housing and Construction 
852 8 |b CARM  |h A2:AB07C0  |i E00268  |p 0048859  |f BK 
082 0 4 |a 720/.994/82 
999 f f |i f93da8f1-371c-5ff5-895c-dd98c9a3f1db  |s 4991c6a8-5a9f-5e17-9a58-dd5912680f2d 
952 f f |p Can circulate  |a CAVAL  |b CAVAL  |c CAVAL  |d CARM 1 Store  |e E00268  |f A2:AB07C0  |h Other scheme  |i book  |m 0048859